| 000 | 01992nam a2200289Ia 4500 | ||
|---|---|---|---|
| 999 |
_c51118 _d51118 |
||
| 001 | 18075 | ||
| 003 | GE_BSU | ||
| 005 | 20200302222801.0 | ||
| 008 | 181216s1998||||ge |||||||||||||| ||geo|| | ||
| 040 | _cGE_BSU | ||
| 041 | _ageo | ||
| 080 | _a811.353.1(063) ა-82 | ||
| 245 |
_aარნოლდ ჩიქობავას დაბადების 100 წლისთავისადმი მიძღვნილი საერთაშორისო სიმპოზიუმის მასალები : _bსაერთაშორისო სიმპოზიუმი მიძღვნილი არნოლდ ჩიქობავას დაბადების 100 წ ლისთავისადმი / _cრედ. : გ. კვარაცხელია, ვ. შენგელია. |
||
| 264 |
_aთბილისი : _b''ქართული ენა'', _c1998. |
||
| 300 |
_a286 გვ. : _bპორტრ. ; _c20 სმ. |
||
| 500 | _aყდა და თავფ. ინგლ. და რუს ენებზე | ||
| 520 | _aტექსტი ქართულ და რუსულ ენებზე | ||
| 653 | _aარნოლდ ჩიქობავას დაბადების 100 წლისთავისადმი მიძღვნილი საერთაშორისო სიმპოზიუმის მასალები | ||
| 653 | _aქართველი ენათმეცნიერები | ||
| 653 | _a იბერიულ-კავკასიური ენათმეცნიერება | ||
| 653 | _a კავკასიური ენები | ||
| 653 | _a ქართველური ენები | ||
| 653 | _a ქართული ენა | ||
| 700 |
_a კვარაცხელია, გ. _eრედატორი _97679 |
||
| 700 |
_aშენგელია, ვ. _eრედატორი _95955 |
||
| 942 |
_cBK _2udc |
||